[Event "Regionalliga NO 0506"]
[Site "Bayern"]
[Date "2006.02.19"]
[Round "7.1"]
[White "Stefanov, Parik"]
[Black "Fischer, Gerd"]
[Result "1-0"]
[WhiteElo "2336"]
[BlackElo "2137"]
[PlyCount "73"]
[EventDate "2005.10.23"]
[EventType "team-tourn"]
[EventRounds "9"]
[EventCountry "GER"]
[SourceTitle "EXT 2007"]
[Source "ChessBase"]
[SourceDate "2006.11.23"]
[SourceVersion "1"]
[SourceVersionDate "2006.11.23"]
[SourceQuality "1"]

1. Nf3 c5 2. c4 Nc6 3. g3 Nf6 4. Bg2 d5 5. 0-0 e5 6. Qa4 Bd7 7. cxd5 Nd4 8. Qd1 Nxf3+ 9. Bxf3 e4 10. Bg2 Bd6 11. Nc3 Qe7 12. d3 exd3 13. Qxd3 0-0 14. e4 Rac8 15. h3 b5 16. f4 c4 17. Qf3 b4 18. Nd1 Bc5+ 19. Kh2 Rfd8 20. Bd2 Bb5 21. Re1 a5 22. a3 Bd4 23. axb4 axb4 24. Ra5 Qc5 25. Be3 c3 26. bxc3 bxc3 27. Rxb5 Qxb5 28. Bxd4 c2 29. Nc3 Qb2 30. Ne2 Qb4 31. Rc1 Qc4 32. Ba1 Ra8 33. Qe3 Rdb8 34. Nd4 Ra2 35. Bc3 Qa4 36. Qd3 Rc8 37. Nc6 1-0

[Event "Regionalliga NO 0506"]
[Site "Bayern"]
[Date "2005.11.13"]
[Round "2.1"]
[White "Stefanov, Parik"]
[Black "Barth, Norbert"]
[Result "1-0"]
[WhiteElo "2336"]
[BlackElo "2197"]
[PlyCount "57"]
[EventDate "2005.10.23"]
[EventType "team-tourn"]
[EventRounds "9"]
[EventCountry "GER"]
[SourceTitle "EXT 2007"]
[Source "ChessBase"]
[SourceDate "2006.11.23"]
[SourceVersion "1"]
[SourceVersionDate "2006.11.23"]
[SourceQuality "1"]

1. c4 Nf6 2. g3 e6 3. Nf3 d5 4. b3 c5 5. Bg2 Nc6 6. 0-0 Be7 7. e3 0-0 8. Bb2 b6 9. Qe2 Bb7 10. Rd1 Rc8 11. d3 Qc7 12. Nc3 Rfd8 13. Rac1 Qb8 14. h3 Qa8 15. cxd5 Nxd5 16. Ne4 Rd7 17. Nfg5 Nd8 18. f4 f6 19. Qh5 h6 20. Qg6 hxg5 21. Nxg5 Kf8 22. e4 Rdc7 23. Bf3 c4 24. exd5 Bc5+ 25. d4 fxg5 26. dxc5 Bxd5 27. Rxd5 exd5 28. Re1 Rf7 29. Bxg7+ 1-0

[Event "Regionalliga NO 0304"]
[Site "Bayern"]
[Date "2004.01.18"]
[Round "5.1"]
[White "Stefanov, Parik"]
[Black "Roth, Norbert"]
[Result "1/2-1/2"]
[WhiteElo "2326"]
[BlackElo "2224"]
[PlyCount "56"]
[EventDate "2003.10.??"]
[EventType "team-tourn"]
[EventRounds "9"]
[EventCountry "GER"]
[SourceTitle "EXT 2006"]
[Source "ChessBase"]
[SourceDate "2005.11.24"]
[SourceVersion "1"]
[SourceVersionDate "2005.11.24"]
[SourceQuality "1"]
[WhiteTeam "Regensburg Bavaria"]
[BlackTeam "Nuernberg NT II"]
[WhiteTeamCountry "GER"]
[BlackTeamCountry "GER"]

1. e4 c5 2. Nf3 g6 3. d4 cxd4 4. Qxd4 Nf6 5. Bb5 Nc6 6. Qa4 Bg7 7. 0-0 0-0 8. Nc3 Qc7 9. Bg5 e6 10. Rad1 d6 11. Be2 a6 12. Nb5 axb5 13. Qxa8 Nxe4 14. Bc1 b4 15. Qa4 Nc5 16. Qb5 b6 17. Be3 Bxb2 18. Bxc5 bxc5 19. Qc4 Bb7 20. Qh4 Bg7 21. Bd3 h6 22. Qf4 Rc8 23. h4 d5 24. Qg4 h5 25. Qg5 c4 26. Be2 Qd8 27. Qg3 Qe7 28. Rfe1 Qc7 1/2-1/2

[Event "Regionalliga NO 0304"]
[Site "Bayern"]
[Date "2003.11.02"]
[Round "2.1"]
[White "Appel, Helmut"]
[Black "Stefanov, Parik"]
[Result "0-1"]
[WhiteElo "2240"]
[BlackElo "2326"]
[PlyCount "114"]
[EventDate "2003.10.??"]
[EventType "team-tourn"]
[EventRounds "9"]
[EventCountry "GER"]
[SourceTitle "EXT 2006"]
[Source "ChessBase"]
[SourceDate "2005.11.24"]
[SourceVersion "1"]
[SourceVersionDate "2005.11.24"]
[SourceQuality "1"]
[WhiteTeam "Kareth Lappersdorf"]
[BlackTeam "Regensburg Bavaria"]
[WhiteTeamCountry "GER"]
[BlackTeamCountry "GER"]

1. e4 e6 2. d4 c5 3. c3 d5 4. exd5 Qxd5 5. Nf3 Nf6 6. Be2 cxd4 7. cxd4 Nc6 8. 0-0 Be7 9. Nc3 Qd8 10. Qb3 0-0 11. Rd1 b6 12. a3 Bb7 13. Qa2 Rc8 14. Bg5 Re8 15. Rac1 h6 16. Bh4 Nh5 17. d5 exd5 18. Rxd5 Qxd5 19. Qxd5 Nf4 20. Qd2 g5 21. Bg3 Rcd8 22. Bxf4 Rxd2 23. Bxd2 g4 24. Ne1 Nd4 25. Be3 Nf5 26. Bb5 Rd8 27. Rd1 Rc8 28. Bd7 Nxe3 29. Bxc8 Nxd1 30. Bxb7 Nxb2 31. Nb1 Nc4 32. Nc2 a5 33. Ba6 Ne5 34. Kf1 Bc5 35. Ke2 Kg7 36. Nd2 f5 37. Nb3 Bd6 38. Nbd4 Kf6 39. g3 Bc5 40. Bd3 Nxd3 41. Kxd3 Ke5 42. a4 f4 43. gxf4+ Kxf4 44. Ne6+ Kf3 45. Nxc5 bxc5 46. Ne3 h5 47. Nf5 Kxf2 48. Ng3 h4 49. Nf5 h3 50. Ne3 Kf3 51. Nf5 Kf4 52. Ng3 Kf3 53. Nf5 Kf2 54. Kc4 Kg1 55. Ne3 g3 56. Nf5 gxh2 57. Ng3 Kg2 0-1

[Event "Regionalliga NO 0203"]
[Site "Bayern"]
[Date "2003.02.23"]
[Round "7.1"]
[White "Mozes, Ervin"]
[Black "Stefanov, Parik"]
[Result "1/2-1/2"]
[WhiteElo "2262"]
[BlackElo "2322"]
[PlyCount "76"]
[EventDate "2002.10.20"]
[EventType "team-tourn"]
[EventRounds "9"]
[EventCountry "GER"]
[SourceTitle "EXT 2004"]
[Source "ChessBase"]
[SourceDate "2003.11.25"]
[SourceVersion "1"]
[SourceVersionDate "2003.11.25"]
[SourceQuality "1"]
[WhiteTeam "Gunzenhausen"]
[BlackTeam "Regensburg Bavaria"]
[WhiteTeamCountry "GER"]
[BlackTeamCountry "GER"]

1. f4 g6 2. Nf3 Bg7 3. g3 Nf6 4. Bg2 0-0 5. 0-0 c5 6. d3 d5 7. Nc3 d4 8. Na4 Nbd7 9. c4 Rb8 10. Bd2 b6 11. a3 Bb7 12. h3 Ne8 13. e4 dxe3 14. Bxe3 Nd6 15. Qe2 Bxf3 16. Bxf3 Nf5 17. Kg2 Nxe3+ 18. Qxe3 Nf6 19. Nc3 Ne8 20. Nb5 Qd7 21. Rad1 Nd6 22. Nxd6 Qxd6 23. b3 e6 24. Rfe1 Qd4 25. Qxd4 Bxd4 26. Re2 a5 27. Bc6 Rfd8 28. g4 Rd6 29. Bf3 Kg7 30. f5 Kf8 31. fxe6 Rxe6 32. Rxe6 fxe6 33. h4 b5 34. Rb1 h6 35. Bc6 b4 36. Rf1+ Ke7 37. a4 Rf8 38. Rxf8 Kxf8 1/2-1/2

[Event "Regionalliga NO 0203"]
[Site "Bayern"]
[Date "2002.12.15"]
[Round "3.1"]
[White "Stefanov, Parik"]
[Black "Lumper, Thomas"]
[Result "1-0"]
[WhiteElo "2322"]
[BlackElo "2269"]
[PlyCount "89"]
[EventDate "2002.10.20"]
[EventType "team-tourn"]
[EventRounds "9"]
[EventCountry "GER"]
[SourceTitle "EXT 2004"]
[Source "ChessBase"]
[SourceDate "2003.11.25"]
[SourceVersion "1"]
[SourceVersionDate "2003.11.25"]
[SourceQuality "1"]
[WhiteTeam "Regensburg Bavaria"]
[BlackTeam "Regensburg Fortuna II"]
[WhiteTeamCountry "GER"]
[BlackTeamCountry "GER"]

1. c4 Nf6 2. g3 g6 3. Bg2 Bg7 4. Nf3 0-0 5. d4 d6 6. 0-0 Nc6 7. d5 Na5 8. Nbd2 c5 9. Ne1 a6 10. Rb1 b5 11. b3 Rb8 12. Qc2 Bh6 13. Nd3 bxc4 14. bxc4 Bf5 15. Rxb8 Qxb8 16. e4 Bg4 17. Re1 e5 18. f4 exf4 19. gxf4 Nh5 20. Nf1 Qd8 21. Bd2 Bd7 22. Rb1 Bg7 23. Bc3 Bh6 24. Bd2 Bg7 25. Kh1 Re8 26. Re1 Nb7 27. Be3 Qh4 28. Bf2 Qd8 29. Rb1 Qc7 30. Ng3 Nxg3+ 31. Bxg3 Bd4 32. Rf1 Qa5 33. Rb1 Ba4 34. Qe2 Qc7 35. e5 Na5 36. Rc1 Bd7 37. Qd2 Bf5 38. exd6 Qd8 39. Ne5 Nb7 40. Nc6 Qxd6 41. Nxd4 cxd4 42. Qxd4 Nc5 43. Re1 Rxe1+ 44. Bxe1 Ne4 45. Qe5 1-0

[Event "Neckar op-A 6th"]
[Site "Deizisau"]
[Date "2002.03.29"]
[Round "3"]
[White "Stefanov, Parik"]
[Black "Gustafsson, Jan"]
[Result "0-1"]
[WhiteElo "2333"]
[BlackElo "2513"]
[PlyCount "58"]
[EventDate "2002.03.28"]
[EventType "swiss"]
[EventRounds "9"]
[EventCountry "GER"]
[SourceTitle "CBM 087 Extra"]
[Source "ChessBase"]
[SourceDate "2002.05.03"]
[SourceVersion "2"]
[SourceVersionDate "2002.08.09"]
[SourceQuality "1"]

1. e4 c6 2. d3 d5 3. Nd2 e5 4. Ngf3 Bd6 5. c3 Ne7 6. Be2 0-0 7. 0-0 Nd7 8. Re1 f5 9. Bf1 Qc7 10. a3 a5 11. b3 Nf6 12. Bb2 Ng6 13. g3 fxe4 14. dxe4 Bg4 15. Bg2 Bc5 16. Qe2 Rf7 17. b4 Ba7 18. exd5 cxd5 19. h3 Bxf3 20. Bxf3 e4 21. Bg2 Qxg3 22. Nf1 Qh4 23. Bc1 Ng4 24. Be3 Nxf2 25. Bxa7 Rxa7 26. Qe3 Nf4 27. Qxa7 N4xh3+ 28. Bxh3 Nxh3+ 29. Kg2 Nf4+ 0-1

[Event "Baden-Baden op"]
[Site "Baden-Baden"]
[Date "2002.??.??"]
[Round "4"]
[White "Stefanov, Parik"]
[Black "Kubacsny, Vilmos"]
[Result "1-0"]
[WhiteElo "2333"]
[BlackElo "2188"]
[PlyCount "43"]
[EventDate "2002.05.09"]
[EventType "swiss"]
[EventRounds "7"]
[EventCountry "GER"]
[SourceTitle "CBM 088 Extra"]
[Source "ChessBase"]
[SourceDate "2002.07.01"]
[SourceVersion "2"]
[SourceVersionDate "2002.07.01"]
[SourceQuality "1"]

1. e4 d6 2. d4 Nf6 3. Nc3 e5 4. Nge2 Be7 5. h3 0-0 6. g3 b6 7. Bg2 Bb7 8. 0-0 Na6 9. g4 exd4 10. Qxd4 Nc5 11. Ng3 Rb8 12. Be3 Nfd7 13. Rad1 Bf6 14. Qd2 g6 15. Rfe1 Re8 16. f4 Bh4 17. Bf2 Nf6 18. e5 Bxg2 19. Kxg2 Bxg3 20. Bxg3 dxe5 21. fxe5 Qxd2+ 22. Rxd2 1-0

[Event "ROM-ch sf"]
[Site "Baile Tusnad"]
[Date "1999.??.??"]
[Round "5"]
[White "Suciu, Dinu Simi"]
[Black "Stefanov, Parik"]
[Result "1-0"]
[WhiteElo "2200"]
[BlackElo "2331"]
[PlyCount "77"]
[EventDate "1999.09.??"]
[EventType "swiss"]
[EventRounds "9"]
[EventCountry "ROU"]
[SourceTitle "EXT 2000"]
[Source "ChessBase"]
[SourceDate "1999.11.16"]
[SourceVersion "1"]
[SourceVersionDate "1999.11.16"]
[SourceQuality "1"]

1. Nf3 c5 2. g3 b6 3. Bg2 Bb7 4. 0-0 Nf6 5. d3 d5 6. c3 e6 7. Nbd2 Be7 8. Qc2 Nc6 9. Re1 Qc7 10. e4 h6 11. h4 0-0-0 12. exd5 exd5 13. Nf1 Bd6 14. Bd2 Kb8 15. Re2 Bc8 16. Ne3 g6 17. Rd1 Be6 18. Bc1 Rc8 19. Ree1 a6 20. Qe2 Ka7 21. d4 c4 22. Ne5 Ne7 23. N3g4 Nxg4 24. Nxg4 h5 25. Nf6 Qc6 26. Bg5 Nf5 27. Qf3 Ne7 28. Rd2 Rhd8 29. Rde2 Rc7 30. Rxe6 fxe6 31. Rxe6 Qb7 32. Nxd5 Rcd7 33. Nxe7 Qxf3 34. Bxf3 Bxe7 35. Rxe7 Rxe7 36. Bxe7 Re8 37. Bg5 Re1+ 38. Kg2 Rb1 39. d5 1-0

[Event "ROM-chT"]
[Site "Eforie Nord"]
[Date "1997.??.??"]
[Round "?"]
[White "Ambrus, Endre"]
[Black "Stefanov, Parik"]
[Result "0-1"]
[WhiteElo "2240"]
[BlackElo "2395"]
[PlyCount "90"]
[EventDate "1997.09.??"]
[EventType "team"]
[EventRounds "9"]
[EventCountry "ROU"]
[SourceTitle "EXT 2000"]
[Source "ChessBase"]
[SourceDate "1999.11.16"]
[SourceVersion "1"]
[SourceVersionDate "1999.11.16"]
[SourceQuality "1"]

1. e4 Nf6 2. Nc3 d6 3. d4 g6 4. Bg5 Bg7 5. Qd2 h6 6. Bf4 g5 7. Be3 Ng4 8. 0-0-0 e6 9. f4 Nc6 10. Nh3 Nxe3 11. Qxe3 gxf4 12. Nxf4 Bxd4 13. Qf3 Be5 14. g3 Bd7 15. Qe3 Qf6 16. Nb5 0-0-0 17. Nxa7+ Nxa7 18. Qxa7 Bc6 19. Nd5 Qg5+ 20. Kb1 f5 21. Nb4 fxe4 22. Ba6 Kd7 23. Bxb7 Bxb7 24. Qxb7 Rb8 25. Qc6+ Kc8 26. Qxe4 d5 27. Qe1 Re8 28. c3 Qg7 29. Rd3 Bd6 30. Nc6 Rb6 31. Nd4 Qg6 32. Qf1 c5 33. Nc2 Kc7 34. Rf3 Reb8 35. b3 c4 36. Rf7+ Kc6 37. Kc1 Be5 38. Nb4+ Kd6 39. bxc4 Bxc3 40. a3 Rxb4 41. axb4 Rxb4 42. c5+ Kxc5 43. Rc7+ Kd6 44. Rxc3 Qb1+ 45. Kd2 Rb2+ 0-1

[Event "ROM-chT2"]
[Site "Sovata"]
[Date "1997.??.??"]
[Round "?"]
[White "Stefanov, Parik"]
[Black "Sanduleac, Vasile"]
[Result "1/2-1/2"]
[WhiteElo "2395"]
[BlackElo "2425"]
[PlyCount "112"]
[EventDate "1997.10.??"]
[EventType "team-tourn"]
[EventRounds "7"]
[EventCountry "ROU"]
[SourceTitle "EXT 2000"]
[Source "ChessBase"]
[SourceDate "1999.11.16"]
[SourceVersion "1"]
[SourceVersionDate "1999.11.16"]
[SourceQuality "1"]

1. e4 g6 2. d4 Bg7 3. Nc3 c6 4. Nf3 d5 5. h3 dxe4 6. Nxe4 Bf5 7. Ng3 Be6 8. c3 Nf6 9. Bd3 0-0 10. 0-0 Bd5 11. Re1 Nbd7 12. Nh2 Nb6 13. b3 Qc7 14. c4 Be6 15. Bb2 Rad8 16. Qe2 Rfe8 17. Rad1 Bc8 18. Nf3 Nbd7 19. Bb1 Nf8 20. Bc3 b6 21. Ne5 Bb7 22. Qb2 Ne6 23. Qc1 Rd6 24. Nf3 Rdd8 25. Ne5 Nd7 26. Nf3 Ndf8 27. Qe3 Qf4 28. Ne2 Qb8 29. Ne5 Qc7 30. f4 Nd7 31. f5 gxf5 32. Bxf5 Nxe5 33. dxe5 Bc8 34. Be4 Nf8 35. Ng3 Ng6 36. Rxd8 Rxd8 37. Bc2 c5 38. Nh5 Bh8 39. e6 Bxe6 40. Bxh8 Kxh8 41. Bxg6 fxg6 42. Qxe6 gxh5 43. Qxe7 Qxe7 44. Rxe7 a6 45. Ra7 a5 46. Rb7 Rd6 47. Kf1 Re6 48. Kf2 Rf6+ 49. Ke3 Rg6 50. Kf3 h4 51. Rf7 Rg3+ 52. Kf2 a4 53. Rf3 axb3 54. axb3 Rg6 55. Rf4 Rg3 56. Rf3 Rg6 1/2-1/2

[Event "ROM-chT"]
[Site "Romania"]
[Date "1994.??.??"]
[Round "?"]
[White "Cioara, Andrei Nestor"]
[Black "Stefanov, Parik"]
[Result "0-1"]
[WhiteElo "2170"]
[BlackElo "2385"]
[PlyCount "73"]
[EventDate "1994.??.??"]
[EventType "team"]
[EventRounds "10"]
[EventCountry "ROU"]
[SourceTitle "EXT 1997"]
[Source "ChessBase"]
[SourceDate "1996.11.15"]
[SourceVersion "1"]
[SourceVersionDate "1996.11.15"]
[SourceQuality "1"]

1. e4 c5 2. Nf3 d6 3. d4 cxd4 4. Nxd4 Nf6 5. Nc3 a6 6. Be3 Ng4 7. Bg5 h6 8. Bh4 g5 9. Bg3 Nf6 10. Be2 e6 11. h4 Rg8 12. hxg5 hxg5 13. a4 Nbd7 14. Nxe6 fxe6 15. Bh5+ Nxh5 16. Qxh5+ Ke7 17. 0-0-0 Nf6 18. Qe2 Ne8 19. Bxd6+ Nxd6 20. e5 Qe8 21. exd6+ Kd8 22. Qe3 Qf7 23. Qb6+ Ke8 24. Rhe1 Qf4+ 25. Kb1 Rg7 26. Nd5 Qxa4 27. Nc7+ Rxc7 28. dxc7 Kf7 29. Rd8 Qc6 30. Qe3 Be7 31. Rh8 Bf6 32. Rh7+ Kg8 33. Rh6 e5 34. Qd3 e4 35. Qb3+ Kg7 36. Reh1 Bf5 37. g4 0-1

[Event "Odorheiu Secuiesc op"]
[Site "Odorheiu Secuiesc"]
[Date "1993.??.??"]
[Round "6"]
[White "Bogdan, Dan"]
[Black "Stefanov, Parik"]
[Result "0-1"]
[WhiteElo "2290"]
[BlackElo "2355"]
[PlyCount "78"]
[EventDate "1993.05.??"]
[EventType "swiss"]
[EventRounds "11"]
[EventCountry "ROU"]
[SourceTitle "TD"]
[Source "ChessBase"]
[SourceDate "1994.03.01"]
[SourceVersion "1"]
[SourceVersionDate "1994.03.01"]
[SourceQuality "1"]

1. e4 c5 2. Nc3 Nc6 3. g3 g6 4. Bg2 Bg7 5. d3 d6 6. f4 e6 7. Nf3 Nge7 8. 0-0 0-0 9. Be3 b6 10. d4 cxd4 11. Nxd4 Bb7 12. Nxc6 Nxc6 13. f5 Qe7 14. g4 Rfe8 15. g5 exf5 16. Nd5 Qd8 17. Bf4 fxe4 18. c3 Nd4 19. Ne3 Ne6 20. Qg4 d5 21. Rad1 d4 22. Nc4 Nxf4 23. Qxf4 Bd5 24. b3 b5 25. Na3 Be5 26. Qg4 e3 27. Rfe1 Bxg2 28. Kxg2 Qa5 29. cxd4 Qxa3 30. dxe5 Qxa2+ 31. Re2 Qxb3 32. Rd7 Rxe5 33. h4 Qe6 34. Qd4 Qc6+ 35. Kg3 Re4 36. Rd8+ Rxd8 37. Qxd8+ Kg7 38. Rc2 Qb6 39. Qd5 Qe6 0-1

[Event "Odorheiu Secuiesc op"]
[Site "Odorheiu Secuiesc"]
[Date "1993.??.??"]
[Round "1"]
[White "Helmer, Janos"]
[Black "Stefanov, Parik"]
[Result "1/2-1/2"]
[WhiteElo "2225"]
[BlackElo "2355"]
[PlyCount "66"]
[EventDate "1993.05.??"]
[EventType "swiss"]
[EventRounds "11"]
[EventCountry "ROU"]
[SourceTitle "TD"]
[Source "ChessBase"]
[SourceDate "1994.03.01"]
[SourceVersion "1"]
[SourceVersionDate "1994.03.01"]
[SourceQuality "1"]

1. Nf3 c5 2. g3 g6 3. Bg2 Bg7 4. c4 Nc6 5. Nc3 e6 6. d3 Nge7 7. 0-0 0-0 8. a3 b6 9. Rb1 Bb7 10. Bd2 d6 11. b4 Qd7 12. Qc1 Nd4 13. Nxd4 cxd4 14. Nd1 Rac8 15. Bxb7 Qxb7 16. Bh6 e5 17. Bxg7 Kxg7 18. b5 h5 19. Qd2 h4 20. e4 f5 21. f3 hxg3 22. hxg3 f4 23. Rb2 g5 24. gxf4 gxf4 25. Qe1 Rh8 26. Rg2+ Kf7 27. Kf2 Rcg8 28. Rxg8 Nxg8 29. Rh1 Rxh1 30. Qxh1 Nf6 31. Qh8 Qc7 32. a4 Kg6 33. Qf8 Qd7 1/2-1/2

[Event "Bucharest2"]
[Site "Bucharest"]
[Date "1993.??.??"]
[Round "2"]
[White "Nevednichy, Vladislav"]
[Black "Stefanov, Parik"]
[Result "1-0"]
[WhiteElo "2495"]
[BlackElo "2355"]
[PlyCount "153"]
[EventDate "1993.??.??"]
[EventType "tourn"]
[EventRounds "11"]
[EventCountry "ROU"]
[EventCategory "3"]
[SourceTitle "EXT 1997"]
[Source "ChessBase"]
[SourceDate "1996.11.15"]
[SourceVersion "1"]
[SourceVersionDate "1996.11.15"]
[SourceQuality "1"]

1. e4 c5 2. Nf3 d6 3. d4 Nf6 4. Nc3 cxd4 5. Nxd4 a6 6. Be3 e5 7. Nb3 Be7 8. f3 Be6 9. Qd2 Nbd7 10. g4 b5 11. g5 Nh5 12. 0-0-0 Rc8 13. Rg1 0-0 14. Qf2 Qc7 15. Nd5 Bxd5 16. exd5 f5 17. gxf6 Ndxf6 18. Bh3 Nd7 19. Qg2 g6 20. Be6+ Kg7 21. Qd2 Nf4 22. Rg4 h5 23. Rgg1 Rf6 24. Bxf4 Rxf4 25. Qg2 g5 26. Rd3 Rc4 27. c3 Kh6 28. Qh3 Rh4 29. Qf5 Rf8 30. Bf7 Rxf7 31. Qxf7 Nf8 32. Qf5 Qa7 33. Rg2 Ng6 34. Rd1 Qe3+ 35. Kb1 Rf4 36. Qd3 Rxf3 37. Qxe3 Rxe3 38. Na5 Nf4 39. Rf2 g4 40. Nc6 Bh4 41. Rfd2 Bg5 42. Nb4 a5 43. Nc6 a4 44. Na7 a3 45. Nxb5 axb2 46. Kxb2 e4 47. Nxd6 Nd3+ 48. Kb3 Rf3 49. Nxe4 Bxd2 50. Rxd2 Ne5 51. d6 Nd7 52. Kc4 Kg6 53. Nc5 Ne5+ 54. Kb5 Rxc3 55. d7 Nxd7 56. Nxd7 h4 57. a4 h3 58. a5 g3 59. hxg3 Rxg3 60. a6 Rg2 61. Ne5+ Kf5 62. Rxg2 hxg2 63. Nf3 Kf4 64. Ng1 Kg3 65. a7 Kf2 66. a8Q Kxg1 67. Kc4 Kf2 68. Qf8+ Ke2 69. Qe7+ Kf2 70. Qh4+ Kf1 71. Qf4+ Ke2 72. Qg3 Kf1 73. Qf3+ Kg1 74. Kd3 Kh2 75. Qf2 Kh1 76. Qh4+ Kg1 77. Kd2 1-0

[Event "Balkaniad (Men)"]
[Site "Ankara"]
[Date "1993.??.??"]
[Round "5"]
[White "Popchev, Milko"]
[Black "Stefanov, Parik"]
[Result "1/2-1/2"]
[WhiteElo "2475"]
[BlackElo "2360"]
[PlyCount "42"]
[EventDate "1993.??.??"]
[EventType "team"]
[EventRounds "5"]
[EventCountry "TUR"]
[SourceTitle "TD"]
[Source "ChessBase"]
[SourceDate "1994.03.01"]
[SourceVersion "1"]
[SourceVersionDate "1994.03.01"]
[SourceQuality "1"]

1. d4 Nf6 2. Nf3 e6 3. e3 b6 4. Bd3 Bb7 5. 0-0 Be7 6. b3 c5 7. Bb2 0-0 8. Nbd2 Nc6 9. a3 Qc7 10. Qe2 Rad8 11. Rac1 Qb8 12. c4 d6 13. Bb1 g6 14. Rfd1 Rfe8 15. dxc5 dxc5 16. Ng5 Ne5 17. f4 Ned7 18. Ndf3 Nh5 19. Rxd7 Rxd7 20. Ne5 Bxg5 21. Nxd7 Qc7 1/2-1/2

[Event "Bucharest2"]
[Site "Bucharest"]
[Date "1993.??.??"]
[Round "3"]
[White "Stefanov, Parik"]
[Black "Gilbert, Christophe"]
[Result "1-0"]
[WhiteElo "2355"]
[BlackElo "2100"]
[PlyCount "57"]
[EventDate "1993.??.??"]
[EventType "tourn"]
[EventRounds "11"]
[EventCountry "ROU"]
[EventCategory "3"]
[SourceTitle "EXT 1997"]
[Source "ChessBase"]
[SourceDate "1996.11.15"]
[SourceVersion "1"]
[SourceVersionDate "1996.11.15"]
[SourceQuality "1"]

1. e4 c5 2. Nf3 Nc6 3. Bb5 g6 4. 0-0 Bg7 5. c3 a6 6. Bxc6 bxc6 7. d4 cxd4 8. cxd4 Nf6 9. Nc3 0-0 10. h3 d6 11. Re1 Rb8 12. b3 Qa5 13. Bb2 Qh5 14. e5 Nd5 15. Ne4 f5 16. Ng3 Qh6 17. Rc1 g5 18. exd6 exd6 19. Rxc6 Bb7 20. Rc4 Nf4 21. Bc1 Nxh3+ 22. gxh3 Qxh3 23. d5 h6 24. Rc7 Bf6 25. Qd3 Bc8 26. Qe2 f4 27. Qe4 Bd7 28. Qg6+ Bg7 29. Re7 1-0

[Event "Avoine op 07th"]
[Site "Avoine"]
[Date "1992.??.??"]
[Round "3"]
[White "Mol, Robert"]
[Black "Stefanov, Parik"]
[Result "0-1"]
[WhiteElo "1970"]
[BlackElo "2335"]
[PlyCount "50"]
[EventDate "1992.07.??"]
[EventType "swiss"]
[EventRounds "9"]
[EventCountry "FRA"]
[SourceTitle "EXT 2004"]
[Source "ChessBase"]
[SourceDate "2003.11.25"]
[SourceVersion "1"]
[SourceVersionDate "2003.11.25"]
[SourceQuality "1"]

1. d4 e6 2. c4 c5 3. d5 exd5 4. cxd5 d6 5. Nc3 g6 6. e4 Bg7 7. Bb5+ Nd7 8. Nge2 a6 9. Ba4 Ngf6 10. 0-0 0-0 11. Bg5 b5 12. Bc2 h6 13. Bh4 g5 14. Bg3 Qe7 15. f3 Nh5 16. Rb1 Ne5 17. Bf2 Bd7 18. Ng3 Nxg3 19. hxg3 Nc4 20. Qd3 f5 21. Rfe1 f4 22. g4 Be5 23. a4 Qf6 24. Rec1 Nxb2 25. Rxb2 c4 0-1

[Event "Bucharest-B"]
[Site "Bucharest"]
[Date "1992.??.??"]
[Round "?"]
[White "Rogozenco, Dorian"]
[Black "Stefanov, Parik"]
[Result "1/2-1/2"]
[WhiteElo "2405"]
[BlackElo "2335"]
[PlyCount "49"]
[EventDate "1992.??.??"]
[EventType "tourn"]
[EventRounds "13"]
[EventCountry "ROU"]
[EventCategory "5"]
[SourceTitle "EXT 1997"]
[Source "ChessBase"]
[SourceDate "1996.11.15"]
[SourceVersion "1"]
[SourceVersionDate "1996.11.15"]
[SourceQuality "1"]

1. d4 e6 2. c4 c5 3. d5 exd5 4. cxd5 d6 5. Nc3 g6 6. Nf3 Bg7 7. g3 Nf6 8. Bg2 0-0 9. 0-0 a6 10. a4 Nbd7 11. Nd2 Ne8 12. Qb3 Rb8 13. Nc4 b6 14. Bf4 Ne5 15. Nxe5 Bxe5 16. Bxe5 dxe5 17. a5 b5 18. Ne4 c4 19. Qb4 f5 20. Nc3 Nd6 21. Na2 Rb7 22. Qc3 Re7 23. Nb4 Ree8 24. Nc6 Qc7 25. e3 1/2-1/2